[Event "1st Advent"]
[Site "SchemingMind.com"]
[Date "2021.01.10"]
[Round "-"]
[White "Chessibelle"]
[Black "Transcendent"]
[Result "0-1"]
[WhiteCountry "ENG"]
[BlackCountry "ENG"]
[WhiteElo "1102"]
[WhiteRD "59"]
[BlackElo "1984"]
[BlackRD "68"]
[GameID "464380"]

1. Nf3 d5 2. d4 Nf6 3. g3 Bf5 4. Nc3 e6 5. Bd2 c5 6. e3 Nc6 7. Be2 Rc8 8. O-O Be7 9. b3 O-O 10. Ng5 cxd4
11. Nb5 dxe3 12. fxe3 a6 13. Nc3 h6 14. Nf3 d4 15. Na4 b5 16. Nb2 Qb6 17. Kg2 dxe3 18. Bc3 Ne4 19. Be1 Rfd8 20. Qc1 Ng5
21. Nd3 Bh3+ 22. Kh1 Bxf1 23. Bxf1 Nxf3 24. Bc3 Ncd4 25. Qb2 e2 26. Bg2 e1=Q+ 27. Nxe1 Rxc3 28. Qxc3 Ne2 29. Qxf3 Qg1#
0-1

[Event "1st Advent"]
[Site "SchemingMind.com"]
[Date "2021.01.29"]
[Round "-"]
[White "spoke"]
[Black "Michael Mollenhauer"]
[Result "1-0"]
[WhiteCountry "GER"]
[BlackCountry "GER"]
[WhiteElo "1842"]
[WhiteRD "75"]
[BlackElo "1432"]
[BlackRD "91"]
[GameID "707506"]

1. e4 e5 2. Nf3 Nc6 3. Bc4 Bc5 4. c3 Nf6 5. d4 exd4 6. cxd4 Bb4+ 7. Bd2 Bxd2+ 8. Nbxd2 O-O 9. O-O d6 10. d5 Na5
11. Bd3 Bg4 12. b4 Bxf3 13. Nxf3 c5 14. bxa5 Qxa5 15. Qd2 Qc7 16. Rab1 b6 17. Rfe1 Rfe8 18. Bb5 Red8 19. Bc6 Rab8 20. Nh4 g6
21. Qg5 Qe7 22. Nf5 Qf8 23. Nh6+ Kg7 24. Nf5+ Kh8 25. Qxf6+
1-0

[Event "1st Advent"]
[Site "SchemingMind.com"]
[Date "2021.01.29"]
[Round "-"]
[White "Michael Mollenhauer"]
[Black "spoke"]
[Result "1-0"]
[WhiteCountry "GER"]
[BlackCountry "GER"]
[WhiteElo "1404"]
[WhiteRD "85"]
[BlackElo "1811"]
[BlackRD "73"]
[GameID "707507"]

1. e4 e5 2. Nf3 Nc6 3. Bb5 Bb4 4. O-O Nge7 5. d4 exd4 6. Nxd4 O-O 7. c3 Ba5 8. Nxc6 Nxc6 9. Bxc6 bxc6 10. Bf4 c5
11. Nd2 Ba6 12. Re1 c6 13. Nf3 Bc7 14. Bxc7 Qxc7 15. e5 Bc4 16. b3 Be6 17. h3 Rfd8 18. c4 d6 19. exd6 Rxd6 20. Qc2 Qd7
21. Rad1 Rd8 22. Rxd6 Qxd6 23. Kf1 Qd3+ 24. Qxd3 Rxd3 25. Ne5 Rd2 26. a4 Rb2 27. Nxc6 Rxb3 28. Nxa7 Bxc4+ 29. Kg1 g6 30. a5 Rb7
31. Nc6 Kf8 32. f4 Bb5 33. Ne5 c4 34. Rb1 f6 35. Nxc4 Ba6 36. Rxb7 Bxb7 37. Kf2 Ke7 38. g4 Ba6 39. Nb6 Kd6 40. Na4 Kd5
41. Ke3 Kc4 42. Nb6+ Kb5 43. Nd5 f5 44. gxf5 gxf5 45. Nc7+ Kxa5 46. Nxa6 Kxa6 47. Kd4
1-0

[Event "1st Advent"]
[Site "SchemingMind.com"]
[Date "2021.02.05"]
[Round "-"]
[White "David Connolly"]
[Black "MichaelChess"]
[Result "0-1"]
[WhiteCountry "WLS"]
[BlackCountry "CUB"]
[WhiteElo "2024"]
[WhiteRD "68"]
[BlackElo "2260"]
[BlackRD "109"]
[GameID "707949"]

1. c4 g6 2. e4 e5 3. d4 Nf6 4. Nf3 exd4 5. e5 Bb4+ 6. Bd2 Qe7 7. Bxb4 Qxb4+ 8. Qd2 Qxd2+ 9. Nbxd2 Nh5 10. Nxd4 Nc6
11. Nxc6 dxc6 12. O-O-O Ke7 13. g3 a5 14. Be2 Ng7 15. Ne4 h5 16. Rd2 Bf5 17. Bf3 a4 18. Rhd1 Ra5 19. Nc3 a3 20. bxa3 Rxa3
21. Kb2 Ra5 22. Re1 Rc5 23. Kb3 Ra8 24. Re3 Ra6 25. Be2 Rb6+ 26. Ka3 Ra5+ 27. Na4 Ne6 28. Bd1 Nc5
0-1

[Event "1st Advent"]
[Site "SchemingMind.com"]
[Date "2021.02.05"]
[Round "-"]
[White "MichaelChess"]
[Black "David Connolly"]
[Result "1-0"]
[WhiteCountry "CUB"]
[BlackCountry "WLS"]
[WhiteElo "2260"]
[WhiteRD "109"]
[BlackElo "2024"]
[BlackRD "68"]
[GameID "707950"]

1. e4 c5 2. Nf3 d6 3. d4 cxd4 4. Nxd4 Nf6 5. Nc3 a6 6. Be3 e5 7. Nb3 Be6 8. f3 Be7 9. Qd2 O-O 10. O-O-O Nbd7
11. g4 b5 12. Nd5 Bxd5 13. exd5 Nb6 14. Na5 Nfxd5 15. Nc6 Qc7 16. Nxe7+ Qxe7 17. Bxb6 Nxb6 18. Qxd6 Qg5+ 19. Qd2 Qf6 20. g5 Qe6
21. Qd6 Rfe8 22. Qxe6 Rxe6 23. Bd3 Rb8= 24. Bf5 Rc6 25. h4 f6 26. Be4 Re6 27. b3 a5 28. Bf5 Rc6 29. a3 b4 30. a4 Kf7
31. Bxh7 fxg5 32. h5 Rbc8 33. Bg6+ Kf6 34. Rh2 Nc4 35. bxc4 Rxc4 36. Kb2
1-0

[Event "1st Advent"]
[Site "SchemingMind.com"]
[Date "2021.02.05"]
[Round "-"]
[White "trazadora"]
[Black "ray winteringham"]
[Result "1-0"]
[WhiteCountry "CUB"]
[BlackCountry "ENG"]
[WhiteElo "1714"]
[WhiteRD "206"]
[BlackElo "1437"]
[BlackRD "52"]
[GameID "707953"]

1. e4 e5 2. Nf3 d6 3. d4 exd4 4. Nxd4 c5 5. Bb5+ Bd7 6. Bxd7+ Nxd7 7. Nf5 Nb6 8. Bf4 d5 9. Nc3 d4 10. Nb5 Nc8
11. Nc7+ Kd7 12. Nxa8 Nce7 13. Nxd4 cxd4 14. Qxd4+ Kc8 15. Qxa7 Nc6 16. Nb6+
1-0

[Event "1st Advent"]
[Site "SchemingMind.com"]
[Date "2021.02.05"]
[Round "-"]
[White "ray winteringham"]
[Black "trazadora"]
[Result "0-1"]
[WhiteCountry "ENG"]
[BlackCountry "CUB"]
[WhiteElo "1437"]
[WhiteRD "52"]
[BlackElo "1714"]
[BlackRD "206"]
[GameID "707954"]

1. g3 d5 2. d4 Nf6 3. Bg2 c6 4. e3 Bf5 5. Ne2 e6 6. Bd2 Nbd7 7. a3 Bd6 8. Nbc3 h5 9. h4 e5 10. Bh3 Bxh3
11. Rxh3 O-O 12. Na2 Ng4 13. f3 Ngf6 14. Bb4 Bxb4+ 15. Nxb4 Re8 16. dxe5 Nxe5 17. Nc3 Qb6 18. Qe2 Nxf3+ 19. Kd1 Rxe3
0-1

[Event "1st Advent"]
[Site "SchemingMind.com"]
[Date "2021.02.06"]
[Round "-"]
[White "Kenny Elliott"]
[Black "Helga1946"]
[Result "0-1"]
[WhiteCountry "USA"]
[BlackCountry "GER"]
[WhiteElo "1585"]
[WhiteRD "58"]
[BlackElo "2280"]
[BlackRD "68"]
[GameID "708004"]

1. d4 d5 2. c4 dxc4 3. Nc3 a6 4. e4 b5 5. Nf3 Bb7 6. b3 cxb3 7. Qxb3 e6 8. Bxb5+ axb5 9. Qxb5+ Bc6 10. Qe5 Nd7
11. Qg3 Bb4 12. Bd2 Ngf6 13. Qxg7 Rg8 14. Qh6 Bxc3 15. Bxc3 Nxe4 16. Qe3 Ra3 17. Rc1 Rxg2 18. Rc2 Qb8 19. Qc1 Rxc3 20. Rxc3 Nxc3
21. Qxc3 Qb1+ 22. Ke2 Bxf3+ 23. Qxf3 Qxh1
0-1

[Event "1st Advent"]
[Site "SchemingMind.com"]
[Date "2021.02.06"]
[Round "-"]
[White "Helga1946"]
[Black "Kenny Elliott"]
[Result "1-0"]
[WhiteCountry "GER"]
[BlackCountry "USA"]
[WhiteElo "2280"]
[WhiteRD "68"]
[BlackElo "1585"]
[BlackRD "58"]
[GameID "708005"]

1. Nf3 d5 2. e3 Nf6 3. d4 Bg4 4. c4 e6 5. Qb3 b6 6. cxd5 exd5 7. Ne5 Be6 8. Bb5+ Nbd7 9. Bc6 Rb8 10. f4 Bd6
11. O-O O-O 12. Nc3 Bxe5 13. fxe5 Ne4 14. Nxd5 Qg5 15. Qc2 Nxe5 16. dxe5 Qxe5 17. Ne7+ Kh8 18. Bxe4 c5 19. Nc6
1-0

[Event "1st Advent"]
[Site "SchemingMind.com"]
[Date "2021.02.07"]
[Round "-"]
[White "C"]
[Black "kenneth m day"]
[Result "1-0"]
[WhiteCountry "BRA"]
[BlackCountry "USA"]
[WhiteElo "2052"]
[WhiteRD "136"]
[BlackElo "1704"]
[BlackRD "52"]
[GameID "708016"]

1. e4 e5 2. Nf3 Nc6 3. Bc4 Be7 4. d4 d6 5. d5 Na5 6. Bd3 Nf6 7. b4 Nc4 8. Bxc4 Nxe4 9. Bb5+ Bd7 10. Bxd7+ Qxd7
11. Qd3 Nf6 12. Nc3 O-O 13. O-O Rae8 14. Re1 c6 15. Bg5 h6 16. Bxf6 Bxf6 17. Ne4 Be7 18. dxc6 bxc6 19. Nxe5 Qc7 20. Nf3 f5
21. Ned2 g6 22. Nb3 Bf6 23. Rad1 Rxe1+ 24. Rxe1 Qd7 25. c4 Rf7 26. h3 Kg7 27. Rd1 Be7 28. Ne5
1-0

[Event "1st Advent"]
[Site "SchemingMind.com"]
[Date "2021.02.07"]
[Round "-"]
[White "kenneth m day"]
[Black "C"]
[Result "0-1"]
[WhiteCountry "USA"]
[BlackCountry "BRA"]
[WhiteElo "1640"]
[WhiteRD "53"]
[BlackElo "2045"]
[BlackRD "130"]
[GameID "708017"]

1. e4 c5 2. d4 cxd4 3. c3 dxc3 4. Nxc3 Nc6 5. Bc4 e6 6. Nf3 a6 7. Bf4 b5 8. Bb3 Nge7 9. O-O Ng6 10. Bg3 Be7
11. Re1 d6 12. Rc1 Bb7 13. Qe2 O-O 14. Red1 Qc7 15. Qe3 Rfe8 16. a3 Rad8 17. h3 Qb8 18. Nd4 Nxd4 19. Rxd4 Qa7 20. Rcd1 Qb6
21. R4d3 Qxe3 22. Rxe3 Rd7 23. Red3 Red8 24. f3 h5 25. Ne2 d5 26. exd5 exd5 27. Nd4 h4 28. Bf2 Nf4 29. Re3 Bf6 30. Ree1 g6
31. Be3 Ne6 32. Nxe6 fxe6 33. Bb6 Re8 34. Rd2 Kf7 35. a4 Bd8 36. Bd4 Ba5 37. Bc3 Bxc3 38. bxc3 Kf6 39. axb5 axb5 40. Rd4 Rc8
41. Re3 Rh7 42. Bc2 Rc4 43. Rxc4 bxc4 44. Ba4 Bc8 45. Bc2 Ra7 46. Kh2 e5 47. g3 Ra2 48. Re2 Bf5 49. Bd1 Rxe2+ 50. Bxe2 Bd3
51. Bd1 d4 52. cxd4 exd4 53. gxh4 c3 54. Kg3 c2 55. Bxc2 Bxc2 56. Kf2 Kf5 57. Ke2 Kf4 58. Kf2 d3 59. Ke1 Ke3
0-1

[Event "1st Advent"]
[Site "SchemingMind.com"]
[Date "2021.02.08"]
[Round "-"]
[White "Jari Laine"]
[Black "Gilligan"]
[Result "1-0"]
[WhiteCountry "FIN"]
[BlackCountry "USA"]
[WhiteElo "2452"]
[WhiteRD "90"]
[BlackElo "1695"]
[BlackRD "56"]
[GameID "708040"]

1. e4 e5 2. Bc4 Nf6 3. d3 d5 4. exd5 Bc5 5. Nc3 O-O 6. Nf3 Re8 7. O-O h6 8. Nxe5 Rxe5 9. d4 Bxd4 10. Qxd4 Re8
11. Be3 b6 12. Rfe1 c5 13. Qd3 Bb7 14. Bf4 Bc8 15. Nb5 Na6 16. a3 Rxe1+ 17. Rxe1 Bb7 18. Nd6 Bxd5 19. Bxd5 Nxd5 20. Qxd5 Qf8
21. Nxf7 Kh7 22. Qe4+ Kg8 23. Nxh6+ Kh8 24. Bd6 Qd8 25. Nf7+
1-0

[Event "1st Advent"]
[Site "SchemingMind.com"]
[Date "2021.02.08"]
[Round "-"]
[White "Gilligan"]
[Black "Jari Laine"]
[Result "0-1"]
[WhiteCountry "USA"]
[BlackCountry "FIN"]
[WhiteElo "1695"]
[WhiteRD "56"]
[BlackElo "2452"]
[BlackRD "90"]
[GameID "708041"]

1. e4 c5 2. Nf3 Nc6 3. c3 Nf6 4. d3 d6 5. Be2 g6 6. O-O Bg7 7. Qb3 O-O 8. Bg5 h6 9. Bxf6 Bxf6 10. Nbd2 Rb8
11. Rac1 b5 12. Qc2 Be6 13. b3 Qb6 14. h3 b4 15. d4 bxc3 16. Qxc3 Nxd4 17. Nxd4 cxd4 18. Qg3 Rbc8 19. Nc4 Qc6 20. h4 Qxe4
21. Bf3 Qxh4 22. Be4 Qxe4 23. Rfe1 Qg4 24. Qd3 d5 25. Nd2 Rxc1 26. Rxc1 Bg5 27. Rf1 Bf5
0-1

[Event "1st Advent"]
[Site "SchemingMind.com"]
[Date "2021.02.10"]
[Round "-"]
[White "ramesse"]
[Black "Yovanys Del Toro Montoya"]
[Result "1/2-1/2"]
[WhiteCountry "SVK"]
[BlackCountry "CUB"]
[WhiteElo "2441"]
[WhiteRD "113"]
[BlackElo "2300"]
[BlackRD "163"]
[GameID "708117"]

1. e4 e5 2. Nf3 Nc6 3. Bb5 a6 4. Ba4 Nf6 5. O-O Be7 6. Re1 b5 7. Bb3 O-O 8. c3 d5 9. exd5 Nxd5 10. Nxe5 Nxe5
11. Rxe5 c6 12. d4 Bd6 13. Re1 Qh4 14. g3 Qh3 15. Be3 Bg4 16. Qd3 Rae8 17. Nd2 Re6 18. a4 Qh5 19. axb5 axb5 20. Nf1 Bf5
21. Qd2 Bh3 22. Qd1 Bg4 23. Qd3 Bf5 24. Qd2 Bh3= 25. Bd1 Qg6 26. Bf3 Qf5 27. Qe2 Rfe8 28. Bg2 Bxg2 29. Kxg2 Qg6 30. Qf3 Bf4
31. Kh1 Bg5 32. h4 Bh6 33. h5 Qc2 34. Re2 Qe4 35. Qxe4 Rxe4 36. Ra6 R4e6 37. Rd2 Bxe3 38. Nxe3 Nxe3 39. fxe3 Kf8 40. e4 Rxe4
41. Rxc6 Re1+ 42. Kg2 R1e2+ 43. Rxe2 Rxe2+ 44. Kf3 Rxb2 45. Rc7 Rb1 46. Ke4 Re1+ 47. Kf3 Rb1 48. Ke4 Re1+ 49. Kd5 f5 50. Rb7 Re3
51. Rxb5 Rxc3 52. Ke6 Re3+ 53. Kxf5 Rxg3 54. Ke6 Re3+=
1/2-1/2

[Event "1st Advent"]
[Site "SchemingMind.com"]
[Date "2021.02.09"]
[Round "-"]
[White "Yovanys Del Toro Montoya"]
[Black "ramesse"]
[Result "1/2-1/2"]
[WhiteCountry "CUB"]
[BlackCountry "SVK"]
[WhiteElo "2300"]
[WhiteRD "163"]
[BlackElo "2441"]
[BlackRD "113"]
[GameID "708118"]

1. e4 c5 2. Nf3 d6 3. d4 cxd4 4. Nxd4 Nf6 5. Nc3 a6 6. h3 e5 7. Nb3 Be6 8. Be3 Be7 9. Qf3 O-O 10. O-O-O b5
11. g4 b4 12. Nd5 Nxd5 13. exd5 Bc8 14. Bd3 a5 15. Nd2 Nd7 16. Kb1 Qc7 17. Rc1 Nc5 18. Bb5 a4 19. Bc6 Ra6 20. Bxc5 dxc5
21. Nc4 a3 22. b3 f5 23. gxf5 Rxf5 24. Qg3 Rxc6 25. dxc6 Qxc6 26. Rhe1 Bf8 27. Rxe5 Rf3 28. Qh4 Rxh3 29. Qd8 Qd7 30. Rd5 Qxd8
31. Rxd8 Be6 32. Re1 Bxc4 33. bxc4 g6 34. f4= Rf3 35. c3 Kf7 36. Rd7+ Kf6 37. cxb4 cxb4 38. Rc1 Bh6 39. c5 Bxf4 40. Rc4 Rf1+
41. Kc2 Rc1+ 42. Kb3 Rb1+ 43. Ka4 g5 44. Rd3 b3 45. Rxb3 Rxb3 46. Kxb3 h5 47. c6 Bc7 48. Kc2=
1/2-1/2

[Event "1st Advent"]
[Site "SchemingMind.com"]
[Date "2021.02.11"]
[Round "-"]
[White "Greg Magne"]
[Black "Daniel Dubé"]
[Result "1/2-1/2"]
[WhiteCountry "CAN"]
[BlackCountry "CAN"]
[WhiteElo "1862"]
[WhiteRD "89"]
[BlackElo "1650"]
[BlackRD "61"]
[GameID "708167"]

1. e4 c5 2. Nf3 Nc6 3. d4 cxd4 4. Nxd4 Nf6 5. Nc3 e5 6. Ndb5 d6 7. Bg5 a6 8. Na3 b5 9. Nd5 Be7 10. Bxf6 Bxf6
11. c4 b4 12. Nc2 a5 13. g3 Ne7 14. Nxf6+ gxf6 15. Ne3 f5 16. exf5 Nxf5 17. Bg2 Rb8 18. Nd5 Be6 19. O-O O-O 20. Rc1 Nd4
21. Re1 f5 22. f4 Bxd5 23. Bxd5+ Kg7 24. fxe5 dxe5 25. Rxe5 Qb6 26. Kg2 Rbe8 27. c5 Qf6 28. Rxe8 Rxe8 29. c6 Re2+ 30. Qxe2 Nxe2
31. c7 Qd6 32. Bf3 Nxc1 33. c8=Q Qd2+ 34. Kh3 Qh6+ 35. Kg2 Qd2+=
1/2-1/2

[Event "1st Advent"]
[Site "SchemingMind.com"]
[Date "2021.02.11"]
[Round "-"]
[White "Daniel Dubé"]
[Black "Greg Magne"]
[Result "0-1"]
[WhiteCountry "CAN"]
[BlackCountry "CAN"]
[WhiteElo "1635"]
[WhiteRD "60"]
[BlackElo "1830"]
[BlackRD "80"]
[GameID "708168"]

1. e4 e5 2. Nf3 Nc6 3. Bb5 a6 4. Bxc6 dxc6 5. O-O f6 6. d4 exd4 7. Qxd4 Be6 8. Rd1 Qxd4 9. Nxd4 Bf7 10. Nc3 O-O-O
11. Be3 g6 12. Nb3 Ne7 13. Rxd8+ Kxd8 14. Nc5 Kc8 15. f4 a5 16. a4 b6 17. Nb3 Kb7 18. Nd4 Nc8 19. Kf2 Bg7 20. f5 Nd6
21. g4 Re8 22. Kf3 Nc4 23. b3 Nxe3 24. Kxe3 Re7 25. Kf3 Rd7 26. Rd1 c5 27. Ndb5 Rxd1 28. Nxd1 h5 29. h3 gxf5 30. gxf5 c4
31. bxc4 Bxc4 32. Nbc3 Bf8 33. Ne3 Bf7 34. Ned5 Bg7 35. h4 c6 36. Nf4 Kc7 37. Ng6 Kd6 38. Ke3 Be8 39. Kd4 b5 40. axb5 cxb5
41. Na2 Bxg6 42. fxg6 f5+ 43. Ke3 fxe4 44. Kxe4 Ke6 45. Nc3 b4 46. Na2 Kf6 47. Kd4 Kxg6+ 48. Kc4 Bf6 49. Kb5 Bd8 50. c4 Kf5
51. Kc5 Kg4 52. Kc6 b3 53. Nc3 b2 54. Kd7 Bxh4 55. c5 Bg3 56. c6 h4
0-1

[Event "1st Advent"]
[Site "SchemingMind.com"]
[Date "2021.02.11"]
[Round "-"]
[White "Carl Lenox"]
[Black "John Hamer"]
[Result "0-1"]
[WhiteCountry "CAN"]
[BlackCountry "ENG"]
[WhiteElo "1218"]
[WhiteRD "66"]
[BlackElo "1880"]
[BlackRD "65"]
[GameID "708228"]

1. e4 b6 2. d4 d5 3. e5 e6 4. a3 a5 5. Nf3 Nc6 6. Bb5 Bd7 7. c3 Na7 8. Bd3 Rc8 9. b4 c6 10. O-O Be7
11. Re1 h5 12. g3 Nh6 13. c4 O-O 14. h4 Nf5 15. Nbd2 Re8 16. Nb3 axb4 17. axb4 Qc7 18. c5 Rb8 19. Ng5 g6 20. g4 hxg4
21. Qxg4 Nb5 22. h5 Rf8 23. Nd2 Kg7 24. Ndf3 bxc5 25. dxc5 Rh8 26. Nh4 Rxh5 27. Nxf5+ exf5 28. Qg3 Qd8 29. Bb2 Rxg5
0-1

[Event "1st Advent"]
[Site "SchemingMind.com"]
[Date "2021.02.12"]
[Round "-"]
[White "John Hamer"]
[Black "Carl Lenox"]
[Result "1-0"]
[WhiteCountry "ENG"]
[BlackCountry "CAN"]
[WhiteElo "1900"]
[WhiteRD "61"]
[BlackElo "1267"]
[BlackRD "70"]
[GameID "708229"]

1. d4 g6 2. Nf3 a6 3. c4 e6 4. Nc3 Ne7 5. e4 Bg7 6. Bd3 c6 7. O-O b5 8. Re1 d5 9. b3 b4 10. Ne2 Nd7
11. Nf4 c5 12. Be3 Bb7 13. exd5 exd5 14. cxd5 Nxd5 15. Nxg6 fxg6 16. Bg5+
1-0

[Event "1st Advent"]
[Site "SchemingMind.com"]
[Date "2021.02.15"]
[Round "-"]
[White "Rommel85"]
[Black "Servelión Graterol Hernández"]
[Result "1/2-1/2"]
[WhiteCountry "CUB"]
[BlackCountry "VEN"]
[WhiteElo "2186"]
[WhiteRD "131"]
[BlackElo "2555"]
[BlackRD "76"]
[GameID "708333"]

1. e4 e5 2. Nf3 Nc6 3. Bc4 Bc5 4. b4 Bxb4 5. c3 Ba5 6. d4 d6 7. Qb3 Qd7 8. Nbd2 Bb6 9. dxe5 dxe5 10. Ba3 Na5
11. Qb4 c5 12. Qb2 Nxc4 13. Nxc4 f6 14. Rd1 Qc6 15. Nd6+ Ke7 16. O-O Nh6 17. c4 Nf7 18. Nxc8+ Raxc8 19. Qc2 Rhd8 20. Rd5 Kf8
21. Rfd1 Qe8 22. g3 Rxd5 23. Rxd5 Nd8 24. Nh4 g6 25. Qc3 Qe7 26. Ng2 Ne6 27. Ne3 h5 28. Kg2 Kg7 29. Qd2 Rd8 30. Bc1 Qe8
31. h3 Nd4 32. g4 Rxd5 33. Nxd5 g5 34. Qd3 hxg4 35. hxg4 Qa4 36. Bb2 Qc2 37. Qxc2 Nxc2 38. Nxb6=
1/2-1/2

[Event "1st Advent"]
[Site "SchemingMind.com"]
[Date "2021.02.15"]
[Round "-"]
[White "Servelión Graterol Hernández"]
[Black "Rommel85"]
[Result "1/2-1/2"]
[WhiteCountry "VEN"]
[BlackCountry "CUB"]
[WhiteElo "2555"]
[WhiteRD "76"]
[BlackElo "2186"]
[BlackRD "131"]
[GameID "708334"]

1. c4 Nf6 2. Nf3 e6 3. b3 d5 4. Bb2 Be7 5. e3 O-O 6. Nc3 dxc4 7. bxc4 c5 8. Qc2 b6 9. Be2 Bb7 10. O-O Nc6
11. Rfd1 Rc8 12. Rac1 h6 13. h3 Qc7 14. d4 Rfd8 15. Qb1 cxd4 16. exd4 Qb8 17. d5 exd5 18. Nxd5 Nxd5 19. cxd5 Nb4 20. Ne5 Rxc1
21. Rxc1 Bxd5 22. a3 Bf6 23. Nxf7 Bxb2 24. Qxb2 Na2 25. Nxd8 Nxc1 26. Qxc1 Qxd8 27. Bc4 Bxc4=
1/2-1/2

[Event "1st Advent"]
[Site "SchemingMind.com"]
[Date "2021.02.16"]
[Round "-"]
[White "grabapawn"]
[Black "capablanca"]
[Result "1-0"]
[WhiteCountry "USA"]
[BlackCountry "GER"]
[WhiteElo "1540"]
[WhiteRD "67"]
[BlackElo "1618"]
[BlackRD "70"]
[GameID "708387"]

1. d4 Nf6 2. Bf4 d5 3. e3 Bf5 4. Nd2 e6 5. Nb3 Nbd7 6. Nf3 c5 7. Ne5 cxd4 8. exd4 Be7 9. Bb5 a6 10. Be2 O-O
11. h3 Rc8 12. c3 b5 13. g4 Bg6 14. h4 h6 15. g5 Nxe5 16. dxe5 Ne4 17. Nd4 Bc5 18. Rg1 Bxd4 19. Qxd4 hxg5 20. Bxg5 Nxg5
21. hxg5 Qc7 22. Rh1 Qc5 23. Qh4 f6 24. gxf6 Qc7 25. Qh8+ Kf7 26. Qxg7+
1-0

[Event "1st Advent"]
[Site "SchemingMind.com"]
[Date "2021.02.16"]
[Round "-"]
[White "capablanca"]
[Black "grabapawn"]
[Result "1-0"]
[WhiteCountry "GER"]
[BlackCountry "USA"]
[WhiteElo "1659"]
[WhiteRD "73"]
[BlackElo "1519"]
[BlackRD "62"]
[GameID "708388"]

1. d4 d6 2. e4 Nf6 3. c3 Nbd7 4. Bd3 e5 5. Bg5 h6 6. Bh4 g5 7. Bg3 Be7 8. Nf3 Nh5 9. dxe5 Nxg3 10. hxg3 Nxe5
11. Nxe5 dxe5 12. Qe2 g4 13. Nd2 h5 14. O-O-O Be6 15. Kb1 c6 16. Bc4 Qb6 17. Bxe6 fxe6 18. Nb3 Rd8 19. f3 Rxd1+ 20. Rxd1 gxf3
21. gxf3 h4 22. Rh1 h3 23. f4 exf4 24. gxf4 Bf6 25. e5 Bh4 26. Nd4 c5 27. Nf3 Bg3 28. Qe4 Rh6 29. Ng5 h2 30. Qf3 Bh4
31. Ne4 c4 32. Nd6+ Ke7 33. Nc8+
1-0

[Event "1st Advent"]
[Site "SchemingMind.com"]
[Date "2021.02.17"]
[Round "-"]
[White "sbb"]
[Black "Derek Price"]
[Result "0-1"]
[WhiteCountry "USA"]
[BlackCountry "ENG"]
[WhiteElo "2488"]
[WhiteRD "104"]
[BlackElo "2207"]
[BlackRD "67"]
[GameID "708422"]

1. e4 c5 2. Nf3 d6 3. Bb5+ Nd7 4. d4 Nf6 5. Nc3 a6 6. Bxd7+ Nxd7 7. O-O cxd4 8. Qxd4 e6 9. Rd1 Qc7 10. Bf4 b5
11. Bxd6 Bxd6 12. Qxd6 Qxd6 13. Rxd6 Bb7 14. Rad1 Nc5 15. Ne5 b4 16. Ne2 Bxe4 17. f3 Bd5 18. Nf4 Bb7 19. Rb6 O-O 20. Rxb4 Rfd8
21. Rxd8+ Rxd8 22. Rb6 Rd1+ 23. Kf2 f6 24. Ke2 Rc1 25. Kd2 Rg1 26. Ned3 Nxd3 27. Kxd3 e5 28. Rxb7 exf4 29. c4 Kf8 30. c5 g5
31. b4 Ke8 32. a4 Rxg2 33. b5 axb5 34. axb5 Kd8 35. b6 Rb2 36. Rxh7 Kc8 37. Ke4 Kb8
0-1

[Event "1st Advent"]
[Site "SchemingMind.com"]
[Date "2021.02.17"]
[Round "-"]
[White "Derek Price"]
[Black "sbb"]
[Result "1-0"]
[WhiteCountry "ENG"]
[BlackCountry "USA"]
[WhiteElo "2237"]
[WhiteRD "64"]
[BlackElo "2441"]
[BlackRD "106"]
[GameID "708423"]

1. c4 g6 2. g3 c5 3. Bg2 Bg7 4. Nc3 Nc6 5. a3 b6 6. b4 Bb7 7. Rb1 cxb4 8. axb4 Qc8 9. Nd5 Nd4 10. e3 Nf5
11. Bb2 e6 12. e4 exd5 13. exf5 Bxb2 14. Rxb2 dxc4 15. Nf3 Ne7 16. f6 Nf5 17. Qe2+ Kd8 18. O-O Re8 19. Ne5 Re6 20. Re1 Bxg2
21. Kxg2 Ke8 22. Qf1 b5 23. Kg1 Nd4 24. Re4 Qc7 25. Qg2 Rd8 26. f4 Qb6 27. Kf1 Kf8 28. Ra2 a6 29. Ng4 h5 30. Rxe6 Qxe6
31. Ne5 Kg8 32. Qe4 Nf5 33. Qb7 c3 34. Rc2 d6 35. Nxf7 Qxf7 36. Qxf7+ Kxf7 37. Rxc3 Re8 38. Rc6 Re4 39. Rxa6 Rxb4 40. Ke2 Kxf6
41. Ra8 Rb1 42. Kf2 Rd1 43. Ra2 Rh1 44. Kg2 Rb1 45. Kf2 b4 46. Ra8 Rh1 47. Kg2 Rd1 48. Ra2
1-0

[Event "1st Advent"]
[Site "SchemingMind.com"]
[Date "2021.02.18"]
[Round "-"]
[White "The Stonewall"]
[Black "krzysztof"]
[Result "1-0"]
[WhiteCountry "ENG"]
[BlackCountry "POL"]
[WhiteElo "2497"]
[WhiteRD "78"]
[BlackElo "1491"]
[BlackRD "82"]
[GameID "708447"]

1. e4 c5 2. Nf3 Nc6 3. Nc3 a6 4. d4 cxd4 5. Nxd4 e5 6. Nf5 d6 7. Ne3 Be6 8. g3 g6 9. Bg2 b5 10. O-O Ra7
11. a3 Nd4 12. Ncd5 Bh6 13. f4 Bg7 14. f5 Bd7 15. c3 Nc6 16. a4 Nce7 17. f6 Bxf6 18. Nxf6+ Nxf6 19. Rxf6 Ng8 20. Rxd6 Ne7
21. Ng4 Ng8 22. Be3 Rb7 23. axb5 f5 24. Nxe5 Nf6 25. bxa6 Qc7 26. axb7 O-O 27. Nxd7 Nxd7 28. Rxd7 Rd8 29. Rxd8+ Qxd8 30. Qxd8+
1-0

[Event "1st Advent"]
[Site "SchemingMind.com"]
[Date "2021.02.18"]
[Round "-"]
[White "krzysztof"]
[Black "The Stonewall"]
[Result "0-1"]
[WhiteCountry "POL"]
[BlackCountry "ENG"]
[WhiteElo "1519"]
[WhiteRD "80"]
[BlackElo "2508"]
[BlackRD "75"]
[GameID "708448"]

1. a4 e5 2. e3 Nf6 3. c4 Bb4 4. b3 Nc6 5. Ba3 Qe7 6. Ne2 d5 7. Nc1 d4 8. Qc2 dxe3 9. fxe3 Ng4 10. Nd3 Nxe3
11. Qc1 Qh4+ 12. Nf2 Nd4 13. Bxb4 Nec2+ 14. Kd1 Bg4+ 15. Nxg4 Qe1#
0-1

[Event "1st Advent"]
[Site "SchemingMind.com"]
[Date "2021.02.17"]
[Round "-"]
[White "Massey Ferguson"]
[Black "Robert Hatfield"]
[Result "1-0"]
[WhiteCountry "ENG"]
[BlackCountry "USA"]
[WhiteElo "2253"]
[WhiteRD "97"]
[BlackElo "1794"]
[BlackRD "63"]
[GameID "708469"]

1. c4 c5 2. Nf3 Nf6 3. Nc3 Nc6 4. e3 g6 5. d4 cxd4 6. exd4 d5 7. cxd5 Nxd5 8. Qb3 Nb6 9. d5 Nb8 10. Bb5+ Bd7
11. O-O Bg7 12. d6 O-O 13. Bg5 Qc8 14. Bxe7 Re8 15. Ng5
1-0

[Event "1st Advent"]
[Site "SchemingMind.com"]
[Date "2021.02.18"]
[Round "-"]
[White "Robert Hatfield"]
[Black "Massey Ferguson"]
[Result "0-1"]
[WhiteCountry "USA"]
[BlackCountry "ENG"]
[WhiteElo "1794"]
[WhiteRD "63"]
[BlackElo "2253"]
[BlackRD "97"]
[GameID "708470"]

1. c4 e6 2. d4 f5 3. g3 Nf6 4. Bg2 d5 5. Nf3 Bd6 6. O-O O-O 7. b3 b6 8. Bb2 c6 9. Nbd2 Bb7 10. Qc2 Nbd7
11. Ne5 Rc8 12. Nxd7 Nxd7 13. Rad1 Qe7 14. Qb1 Nf6 15. Nf3 c5 16. dxc5 Bxc5 17. Ne5 Ne4 18. e3 Rfd8 19. h4 dxc4 20. Nxc4 b5
21. Rxd8+ Rxd8 22. Na5 Nd2 23. Qc1 Bxg2 24. Kxg2 Nxf1 25. Nc6 Nxe3+ 26. fxe3 Qb7 27. Qxc5 Rc8 28. Qe5 Rxc6 29. Kh3 Ra6 30. e4 b4
31. h5 fxe4 32. h6 Qf7 33. Qb8+ Qf8 34. Qb7 Rxa2 35. Bxg7 Qf1+ 36. Kh4 Rh2+ 37. Kg5 Qf5#
0-1

[Event "1st Advent"]
[Site "SchemingMind.com"]
[Date "2021.02.28"]
[Round "-"]
[White "Massey Ferguson"]
[Black "trazadora"]
[Result "0-1"]
[WhiteCountry "ENG"]
[BlackCountry "CUB"]
[WhiteElo "2161"]
[WhiteRD "103"]
[BlackElo "2086"]
[BlackRD "116"]
[GameID "708692"]

1. d4 d5 2. c4 c6 3. Nf3 Nf6 4. Nc3 e6 5. cxd5 exd5 6. Qc2 g6 7. Bg5 Be7 8. e3 Bf5 9. Bd3 Bxd3 10. Qxd3 Nbd7
11. O-O O-O 12. Rab1 Re8 13. Bf4 Bf8 14. b4 a6 15. Rfc1 Ne4 16. a4 g5 17. Bg3 h5 18. Rc2 Bh6
0-1